000 00485nam a22001697a 4500
005 20251108172213.0
008 250721s1995 xx 000 0 ara d
082 1 4 _a210.43218/عقا
100 1 _aالعقاد، عباس محمود
245 1 0 _aالديموقراطية في الإسلام /
264 1 _aالقاهرة :
_bنهضة مصر،
_c1995.
300 _a131ص
650 1 7 _aالإسلام
650 1 7 _aالديموقراطية
942 _2ddc
_cBK
999 _c73047
_d73047